01631nmm a2200325 4500001000700000003001600007005001700023008004100040040004200081041000800123072002800131090002600159100005300185245031000238260004500548300001300593336002700606337002700633338003900660500008400699502009700783650005400880650006100934650005600995700005801051856014901109912001501258942001501273999001701288 57771Biblioteca APEC20251014134039.0221015b2018 dr ||||| |||| 00| 0 spa d aBiblioteca APECbspacBiblioteca APEC aspa aFacultad de Humanidades aeT TPG-CI MMM-01 201810aContreras Parra, Eleisida Antonioeautor911108110aDiseño y evaluación por competencias en la recolección, organización y análisis de datos en los alumnos de primero de secundaria del Centro Educativo Monseñor Rafael Mauricio Vargas, distrito 04, La vega Oeste /cEleisida Antonia Contreras Parra ; asesor: Santiago de Jesús Artidiello Moreno aSanto Domingo :bUniversidad APEC,c2018 a1 CD ROM aTextobtxt2rdacontent aordenadorbc2rdamedia arecurso en líneabcr2rdacarrier aTesis en Formato PDF. Tesis en Formato Electrónico. Tesis en Formato Digital. aTesis (Maestría en la Enseñanza de Matemática Media Superior) - Universidad APEC, 2018 72lembaMatemáticasxEnseñanza secundaria96158 72lembaMatemáticasxProblemas, ejercicios, etc.9111082 72lembaMatemáticasxProcesamiento de datos9111083 0aArtidiello Moreno, Santiago de Jesúseasesor989610 uhttps://bibliotecaunapec.blob.core.windows.net/tesis/TPG_C1_MMM_01_2018_eT220430.pdfyHacer clic para ver el PDF (638 KB). Trabajo de posgrado aAJRPbAJIM 2ddccE-TES c14469d14469